000 00682nam a2200289Ia 4500
005 20260324121037.0
008 008 260324s9999 xx 000 0 eng d
020 _a9780429158407
037 _aEBOOK
040 _aCRL
040 _beng
040 _cCRL
041 _2eng
041 _aeng
084 _qCRL
100 _aVivek Kale
_91153486
245 0 _aImplementing SAP CRM
245 4 _bThe Guide for Business and Technology Managers
260 _bTaylor and Francis
260 _c2014
365 _a
365 _b275
856 _uhttp://www.taylorfrancis.com/books/9780429158407
942 _cEBOOK
999 _c1752824
_d1752824